00547nam a2200181 i 4500001001100000003000500011005001700016008004100033040002500074082001500099245007300114264005500187300002400242336002100266337002500287338002300312650003000335C2-0243878PPAK20180727205404.0021113s1980 ph |||| ||||| | eng d aPPAKbengcPPAKerda04a378.1422300aGeneral Information : bbulletin 79/80 university of the philippines 1aPhilippines : bUniversity of Philippines , c1980 a138 pages ; c15 cm 2rdacontentatext 2rdamediaaunmediated 2rdacarrieravolume10aUniversities and colleges